[Event "ICS rated blitz match"]
[Site "204.178.125.65"]
[Date "2001.07.19"]
[Round "?"]
[White "QueenMaxima"]
[Black "Hossa"]
[Result "0-1"]
[WhiteElo "2555"]
[BlackElo "2556"]
[PlyCount "160"]
[EventDate "2001.??.??"]

1. e4 e5 2. Nf3 Nf6 3. Nc3 Nc6 4. Bb5 Nd4 5. Ba4 c6 6. Nxe5 d6 7. Nf3 Nxf3+ 8.
Qxf3 Bg4 9. Qe3 Be7 10. O-O b5 11. Bb3 b4 12. f3 Bd7 13. Ne2 O-O 14. d4 a5 15.
a3 a4 16. Ba2 bxa3 17. Qxa3 d5 18. Qe3 Bb4 19. e5 Ne8 20. c3 Be7 21. Bb1 Qc7
22. Qd3 g6 23. Bc2 c5 24. Bh6 Ng7 25. Nf4 Bc6 26. c4 Qd7 27. Nxd5 Bxd5 28. cxd5
Qxd5 29. Rfd1 Qxd4+ 30. Qxd4 cxd4 31. Rxa4 Rxa4 32. Bxa4 Rb8 33. b3 Ne6 34. Kf1
g5 35. h4 gxh4 36. Bc1 Bb4 37. Bb2 Bc5 38. Ba1 Kg7 39. Rd2 Kg6 40. Bb2 Kf5 41.
Re2 d3 42. Re4 Be7 43. Rc4 d2 44. Ke2 Rg8 45. Rg4 Rd8 46. Kd1 h5 47. Rc4 Nf4
48. Rd4 Rxd4 49. Bxd4 Nxg2 50. Kxd2 Ke6 51. Bb5 Bb4+ 52. Kd3 h3 53. Bc4+ Kf5
54. Bg1 Bc5 55. Bh2 Ne3 56. Bxf7 Nf1 57. Kc4 Be7 58. Bxh5 Nxh2 59. Be8 Kf4 60.
Bd7 Kg3 61. f4 Ng4 62. Bc6 Ne3+ 63. Kd4 Ng2 64. f5 h2 65. f6 Ba3 66. Bxg2 Kxg2
67. Kd5 h1=Q 68. b4 Kg3+ 69. Kc5 Bxb4+ 70. Kxb4 Qd5 71. f7 Qxf7 72. Kc5 Kf4 73.
Kd6 Qg6+ 74. e6 Ke4 75. Kd7 Kd5 76. e7 Qd6+ 77. Ke8 Ke6 78. Kf8 Qxe7+ 79. Kg8
Kf6 80. Kh8 Qg7# {QueenMaxima checkmated} 0-1

[Event "ICS rated blitz match"]
[Site "204.178.125.65"]
[Date "2001.07.19"]
[Round "?"]
[White "Hossa"]
[Black "thl1"]
[Result "1-0"]
[WhiteElo "2572"]
[BlackElo "2235"]
[PlyCount "33"]
[EventDate "2001.??.??"]

1. e4 c5 2. c3 d5 3. exd5 Qxd5 4. d4 e6 5. Nf3 Nf6 6. Bd3 Be7 7. O-O O-O 8. Qe2
Rd8 9. Be3 Ng4 10. Nfd2 Nxe3 11. fxe3 Nc6 12. Bc4 Qg5 13. Ne4 Qh6 14. Qf2 f5
15. Nxc5 Bxc5 16. dxc5 Ne5 17. Qxf5 {thl1 resigns} 1-0

[Event "ICS rated blitz match"]
[Site "204.178.125.65"]
[Date "2001.07.19"]
[Round "?"]
[White "Mink"]
[Black "Hossa"]
[Result "0-1"]
[WhiteElo "2690"]
[BlackElo "2576"]
[PlyCount "154"]
[EventDate "2001.??.??"]

1. e4 e5 2. Nf3 Nf6 3. Nxe5 d6 4. Nf3 Nxe4 5. d4 Bg4 6. Bd3 Nf6 7. O-O Be7 8.
h3 Bd7 9. Qe2 O-O 10. Nc3 Re8 11. Bf4 Nc6 12. a3 Be6 13. Rae1 Qd7 14. Ne4 Nd5
15. Bd2 Nb6 16. Ng3 Bf6 17. Qe4 g6 18. Bg5 Bc4 19. Qh4 Bg7 20. Bxc4 Nxc4 21.
Bc1 Nb6 22. Bh6 f5 23. b3 a6 24. c4 Bxh6 25. Qxh6 Rxe1 26. Rxe1 Re8 27. Rxe8+
Qxe8 28. d5 Nd8 29. Ng5 Qe1+ 30. Nf1 Qe7 31. Nd2 c6 32. dxc6 Nxc6 33. Ndf3 a5
34. Qh4 Nd7 35. Nd2 Nc5 36. Kf1 Qg7 37. g4 f4 38. Kg2 Qe7 39. Ngf3 Qf8 40. Qg5
Ne7 41. b4 h6 42. Qh4 axb4 43. axb4 Nd3 44. b5 Nc8 45. g5 h5 46. Ne4 Qf7 47.
Nfd2 d5 48. Nf6+ Kf8 49. Nf3 Nd6 50. Nd4 dxc4 51. Kh2 c3 52. Nxh5 gxh5 53. g6
Qxg6 54. Qd8+ Ne8 55. Qd5 Nd6 56. Qb3 f3 57. Nxf3 Nf4 58. Ne1 Ne2 59. Ng2 c2
60. Qf3+ Qf5 61. Qxe2 c1=Q 62. Qe3 Qxe3 63. fxe3 Qxb5 64. Kg1 Qb1+ 65. Kf2 Ne4+
66. Kf3 Qf1+ 67. Kxe4 Qxg2+ 68. Kd4 Qd2+ 69. Kc4 Qxe3 70. h4 b5+ 71. Kxb5 Qd4
72. Kc6 Ke7 73. Kc7 Qd6+ 74. Kc8 Qd7+ 75. Kb8 Kd6 76. Ka8 Kc7 77. Ka7 Qa4# {
Mink checkmated} 0-1

[Event "ICS rated bullet match"]
[Site "204.178.125.65"]
[Date "2001.07.19"]
[Round "?"]
[White "Hossa"]
[Black "EroeInrico"]
[Result "1-0"]
[WhiteElo "2597"]
[BlackElo "2099"]
[PlyCount "35"]
[EventDate "2001.??.??"]

1. e4 e5 2. Nf3 Nf6 3. Nxe5 d6 4. Nf3 Nxe4 5. d4 d5 6. Bd3 Bd6 7. O-O O-O 8. c4
c6 9. cxd5 cxd5 10. Nc3 Nxc3 11. bxc3 Bg4 12. Rb1 b6 13. h3 Bh5 14. c4 Bc7 15.
Rb5 Bxf3 16. Qxf3 Nd7 17. Rxd5 Qe7 18. Ba3 {EroeInrico resigns} 1-0

[Event "ICS rated bullet match"]
[Site "204.178.125.65"]
[Date "2001.07.19"]
[Round "?"]
[White "EroeInrico"]
[Black "Hossa"]
[Result "0-1"]
[WhiteElo "2097"]
[BlackElo "2599"]
[PlyCount "60"]
[EventDate "2001.??.??"]

1. d4 f5 2. Nf3 e6 3. Bf4 d5 4. e3 Bd6 5. Ne5 Nf6 6. Nd2 O-O 7. Be2 Nfd7 8.
Ndf3 Nxe5 9. Nxe5 g5 10. Bg3 f4 11. exf4 gxf4 12. Bd3 Bxe5 13. dxe5 Qg5 14. Qd2
Qxe5+ 15. Kf1 Qxb2 16. Re1 Qf6 17. Qe2 fxg3 18. hxg3 h6 19. Qe3 d4 20. Qd2 Qg5
21. Qe2 Nc6 22. Rh5 Qf6 23. Qg4+ Kh8 24. f4 e5 25. Qf3 Be6 26. Qe4 Qg7 27. Ke2
Bg4+ 28. Kd2 Bxh5 29. Rh1 Bg4 30. Rh4 Bf5 {EroeInrico resigns} 0-1

[Event "ICS rated bullet match"]
[Site "204.178.125.65"]
[Date "2001.07.19"]
[Round "?"]
[White "Hossa"]
[Black "EroeInrico"]
[Result "1-0"]
[WhiteElo "2601"]
[BlackElo "2095"]
[PlyCount "102"]
[EventDate "2001.??.??"]

1. e4 Nf6 2. e5 Nd5 3. Nc3 e6 4. Nxd5 exd5 5. d4 d6 6. Nf3 Nc6 7. Bb5 Bd7 8.
O-O dxe5 9. dxe5 a6 10. Ba4 Ne7 11. c3 Bxa4 12. Qxa4+ Qd7 13. Qb3 c6 14. Rd1
O-O-O 15. Qb6 Qc7 16. Qxc7+ Kxc7 17. Ng5 Re8 18. Nxf7 Rg8 19. e6 Ng6 20. Re1
Bd6 21. g3 Re7 22. Bg5 Ree8 23. f4 h6 24. f5 hxg5 25. fxg6 Re7 26. Rac1 g4 27.
c4 dxc4 28. Rxc4 Rge8 29. Rce4 b5 30. Kg2 c5 31. Ng5 c4 32. Rxg4 Bb4 33. Rd1 a5
34. Rgd4 Bc5 35. Rd7+ Kc6 36. R1d2 b4 37. R2d5 c3 38. bxc3 bxc3 39. Rd3 Bb4 40.
Rxe7 Rxe7 41. Rd1 Kb5 42. Rc1 Kc4 43. Kf3 Kd3 44. Rd1+ Kc2 45. Re1 Kd2 46. Ra1
c2 47. a3 Bxa3 48. Ne4+ Kd3 49. Rxa3+ Kd4 50. Ra4+ Kd3 51. Ra1 Rxe6 {
EroeInrico resigns} 1-0

[Event "ICS rated bullet match"]
[Site "204.178.125.65"]
[Date "2001.07.19"]
[Round "?"]
[White "EroeInrico"]
[Black "Hossa"]
[Result "0-1"]
[WhiteElo "2093"]
[BlackElo "2603"]
[PlyCount "122"]
[EventDate "2001.??.??"]

1. d4 f5 2. c3 Nf6 3. h3 e6 4. Bf4 Be7 5. Nd2 O-O 6. e3 Nd5 7. Bh2 c5 8. Ngf3
d6 9. Bc4 Nb6 10. Bb3 Na6 11. O-O Bd7 12. Qe2 Qe8 13. Rfd1 cxd4 14. exd4 Nc7
15. Re1 Qh5 16. Nc4 Nxc4 17. Bxc4 b5 18. Bb3 Rfe8 19. Rad1 a5 20. a3 Ra6 21.
Qd3 Bd8 22. Re3 Bc6 23. Rde1 Be4 24. Qd2 Nd5 25. Bxd5 Bxd5 26. Qc2 f4 27. Bxf4
Rf8 28. Bg3 Bxf3 29. Rxf3 Rxf3 30. gxf3 d5 31. f4 Qxh3 32. f5 Bh4 33. Re3 Bxg3
34. Rxg3 Qxf5 35. Qxf5 exf5 36. Re3 Rg6+ 37. Kh2 f4 38. Re5 Rd6 39. Rf5 g6 40.
Rxf4 Re6 41. Kg3 Re2 42. Rf6 Rxb2 43. Ra6 a4 44. Rd6 Rb3 45. Rxd5 Rxc3+ 46. Kg4
Rxa3 47. Rxb5 Rd3 48. Rb4 Rd2 49. f4 a3 50. Ra4 a2 51. d5 Kf7 52. Ra6 h5+ 53.
Kh4 Ke7 54. Kg3 Kd8 55. Kh4 Kd7 56. Kg3 Kc7 57. Kh4 Kb7 58. Ra3 Rg2 59. Kh3 Rf2
60. Kg3 Rc2 61. Kh3 Rc3+ {EroeInrico resigns} 0-1

[Event "ICS rated bullet match"]
[Site "204.178.125.65"]
[Date "2001.07.19"]
[Round "?"]
[White "Hossa"]
[Black "EroeInrico"]
[Result "1-0"]
[WhiteElo "2605"]
[BlackElo "2091"]
[PlyCount "81"]
[EventDate "2001.??.??"]

1. e4 e5 2. Nf3 Nc6 3. Bb5 Qf6 4. d3 h6 5. O-O Bc5 6. Be3 Bb6 7. Bxb6 axb6 8.
Nc3 Nge7 9. Bc4 d6 10. Nb5 Kd8 11. Nd2 g5 12. Qe2 Ng6 13. Nb3 Nf4 14. Qd2 h5
15. d4 g4 16. Qc3 h4 17. d5 Ne7 18. Rfd1 Neg6 19. Bf1 Nh5 20. Qxc7+ Ke8 21.
Nxd6+ Kf8 22. Nxc8 Kg7 23. Nxb6 Rag8 24. Nd7 Qg5 25. Ndc5 Kh6 26. Nxb7 g3 27.
Nd6 Rg7 28. Nf5+ Kh7 29. Nxg7 Kxg7 30. Re1 h3 31. fxg3 Nxg3 32. Nc5 Nf4 33.
hxg3 hxg2 34. Bxg2 Qxg3 35. Ne6+ Nxe6 36. dxe6 Qh2+ 37. Kf2 Qh4+ 38. Ke2 Qh5+
39. Bf3 Qh2+ 40. Kd3 Qh6 41. Qxf7# {EroeInrico checkmated} 1-0

[Event "ICS rated standard match"]
[Site "204.178.125.65"]
[Date "2001.07.19"]
[Round "?"]
[White "SSM"]
[Black "Hossa"]
[Result "0-1"]
[WhiteElo "2152"]
[BlackElo "2312"]
[PlyCount "67"]
[EventDate "2001.??.??"]

1. e4 e5 2. Nf3 Nf6 3. d4 exd4 4. Bc4 Nxe4 5. Qxd4 Nf6 6. Nc3 Nc6 7. Qh4 Bb4 8.
Bg5 Bxc3+ 9. bxc3 Qe7+ 10. Kf1 d6 11. Re1 Be6 12. Bxe6 fxe6 13. Bxf6 gxf6 14.
Qh5+ Kd7 15. Nd4 Nd8 16. g3 c5 17. Ne2 Nc6 18. Kg2 Kc7 19. c4 Rae8 20. Nc3 Kb8
21. Nd5 Qg7 22. Nf4 Ne5 23. Qe2 Rhg8 24. Rd1 Qd7 25. f3 Rg5 26. Rhe1 h6 27. a4
h5 28. a5 h4 29. g4 Qc6 30. h3 Nxg4 31. hxg4 Rxg4+ 32. Kf2 Rxf4 33. Qe3 Rxc4
34. Rd3 {SSM resigns} 0-1

[Event "ICS rated blitz match"]
[Site "204.178.125.65"]
[Date "2001.07.19"]
[Round "?"]
[White "Saru"]
[Black "Hossa"]
[Result "0-1"]
[WhiteElo "2139"]
[BlackElo "2597"]
[PlyCount "54"]
[EventDate "2001.??.??"]

1. d4 f5 2. f4 Nf6 3. Nf3 e6 4. e3 Be7 5. Bd3 O-O 6. O-O b6 7. Nbd2 Bb7 8. Qe2
a6 9. e4 fxe4 10. Nxe4 Nd5 11. Nfg5 h6 12. Qh5 Nc6 13. c3 Qe8 14. Qh3 Rc8 15.
Bd2 b5 16. Rf2 b4 17. Raf1 bxc3 18. bxc3 Rb8 19. f5 hxg5 20. Bxg5 exf5 21. Rxf5
Rxf5 22. Rxf5 Bxg5 23. Rxg5 Qf7 24. Rh5 Kf8 25. Ng5 Qf4 26. Nh7+ Kg8 27. Rf5
Qe3+ {Saru resigns} 0-1

[Event "ICS Rated blitz match"]
[Site "204.178.125.65"]
[Date "2001.07.19"]
[Round "?"]
[White "Hossa"]
[Black "ZarkovX"]
[Result "0-1"]
[WhiteElo "2599"]
[BlackElo "2854"]
[PlyCount "207"]
[EventDate "2001.??.??"]

1. c4 e5 2. Nc3 Nf6 3. g3 Bb4 4. a3 Bxc3 5. bxc3 d5 6. Bg2 dxc4 7. Qa4+ c6 8.
Qxc4 Be6 9. Qb4 Qc7 10. Nf3 Na6 11. Qh4 O-O-O 12. Qa4 Nd5 13. Qc2 Nc5 14. Ng5
Bg4 15. f3 Bh5 16. O-O Bg6 17. d3 h6 18. Ne4 Nxe4 19. fxe4 Qb6+ 20. Kh1 Ne3 21.
Bxe3 Qxe3 22. Rab1 Kb8 23. a4 f6 24. Qb2 Rd7 25. Bh3 Rc7 26. Rf3 Qc5 27. Bg4 h5
28. Be6 h4 29. g4 Qd6 30. Qb3 Re7 31. Bc4 Qd7 32. Qb4 Bf7 33. Bxf7 Rxf7 34. h3
Qc7 35. a5 Rd8 36. c4 c5 37. Qb5 Ka8 38. Rf5 Rfd7 39. g5 Qc8 40. Kh2 Rg8 41. g6
Rh8 42. Rf2 Rh5 43. Rg2 f5 44. Rf2 f4 45. Rg2 Rd6 46. Qb2 Qc7 47. Kg1 Re6 48.
Kf1 Rh6 49. Rg5 Rhxg6 50. Rh5 Rh6 51. Rf5 Rh8 52. Rg5 g6 53. Rg2 Rh7 54. Qb5
Qc8 55. Rg4 a6 56. Qb3 Qd8 57. Qa3 Rc6 58. Qb2 Qe7 59. Kg1 Qf6 60. Rg2 Re6 61.
Qa3 Qe7 62. Qa4 Qd8 63. Kh2 Kb8 64. Qa3 Qd4 65. Qb3 Rd7 66. Rf1 Ka7 67. Rgg1
Rh7 68. Rg4 Kb8 69. Qa3 Rh6 70. Rb1 Rh5 71. Qb3 Qd7 72. Qb2 Qf7 73. Rg2 Qc7 74.
Kg1 Rh7 75. Qd2 Qd8 76. Kh1 Qd4 77. Rbg1 Rd6 78. Qc1 f3 79. exf3 Rf7 80. Rf1
Qxd3 81. Rgf2 Rf4 82. Qb2 Qd4 83. Qb3 Kc8 84. Rb2 Rf7 85. Rbb1 Qd3 86. Qb2 b5
87. Qxe5 Rxf3 88. Qe8+ Kc7 89. Qe7+ Rd7 90. Qxc5+ Kb8 91. Qe5+ Kb7 92. Rxf3
Qxf3+ 93. Kg1 Qe3+ 94. Kh1 Qxh3+ 95. Qh2 Qe3 96. Qxh4 g5 97. Qh2 Qf3+ 98. Qg2
Rh7+ 99. Kg1 Qe3+ 100. Qf2 Rh1+ 101. Kxh1 Qxf2 102. cxb5 g4 103. Rb3 g3 104.
Rxg3 {Hossa resigns} 0-1

[Event "ICS rated blitz match"]
[Site "204.178.125.65"]
[Date "2001.07.19"]
[Round "?"]
[White "Hossa"]
[Black "QueenMaxima"]
[Result "1-0"]
[WhiteElo "2593"]
[BlackElo "2547"]
[PlyCount "177"]
[EventDate "2001.??.??"]

1. e4 e5 2. Nf3 a6 3. Bc4 Nc6 4. O-O b5 5. Bd5 Nge7 6. Re1 a5 7. Nxe5 Nxe5 8.
Bxa8 c6 9. a4 b4 10. Qh5 N5g6 11. Qc5 Qc7 12. c3 Ne5 13. Qe3 Ba6 14. Qg3 bxc3
15. d4 cxb2 16. Bxb2 Qb6 17. Qxe5 f6 18. Qh5+ g6 19. Qf3 Qxb2 20. Nc3 Qd2 21.
Qxf6 Rg8 22. Nd5 Bc8 23. Red1 Qc2 24. Nc7+ Kd8 25. Qe5 Qc3 26. Rab1 Bg7 27. Qd6
Qc2 28. Ne6+ Ke8 29. Nc5 Rf8 30. f3 Rf6 31. Qb8 Rf8 32. Nb3 Qc4 33. Bb7 Qb4 34.
Nxa5 Qxa4 35. Bxc8 Qxa5 36. Ba6+ Kf7 37. Qf4+ Kg8 38. Qd6 Qxa6 39. Qxe7 Qa7 40.
Qd6 Ra8 41. Rb2 Qa4 42. Rbd2 Qa7 43. Re2 Bf8 44. Qe5 Bg7 45. Qc5 Qa4 46. Ree1
Kh8 47. Qd6 Qa7 48. Re2 Bf8 49. Qe5+ Bg7 50. Qc5 Qb8 51. Qe7 Ra7 52. Qh4 Ra4
53. e5 c5 54. Re4 c4 55. e6 dxe6 56. Rxe6 c3 57. Qe1 Ra8 58. Qxc3 Qd8 59. Qe3
Qd7 60. Re4 h6 61. Re6 Qa4 62. Qd3 g5 63. Re7 Ra7 64. Re2 Ra8 65. Re4 Re8 66.
Rg4 Re3 67. Qd2 Qe8 68. d5 Re2 69. Qd3 Qe7 70. Rc4 Bf6 71. Re4 Qc5+ 72. Kh1
Rxe4 73. fxe4 Be5 74. d6 Qc8 75. Qd5 Bb2 76. Rb1 Qf8 77. e5 Ba3 78. Ra1 h5 79.
Qd4 Bxd6 80. exd6+ Kh7 81. Qe4+ Kh8 82. Ra8 Qxa8 83. Qxa8+ Kg7 84. Qa1+ Kf7 85.
Qe5 Kg6 86. Qe6+ Kg7 87. d7 Kh7 88. d8=Q g4 89. Qdg8# {QueenMaxima checkmated}
1-0

[Event "ICS rated blitz match"]
[Site "204.178.125.65"]
[Date "2001.07.19"]
[Round "?"]
[White "QueenMaxima"]
[Black "Hossa"]
[Result "0-1"]
[WhiteElo "2533"]
[BlackElo "2607"]
[PlyCount "116"]
[EventDate "2001.??.??"]

1. e4 e5 2. Nf3 Nf6 3. Nc3 Nc6 4. Bb5 Nd4 5. Ba4 c6 6. Nxe5 d6 7. Nd3 b5 8. Bb3
a5 9. a3 Nxb3 10. cxb3 Be7 11. Nf4 Ba6 12. d3 O-O 13. O-O Qd7 14. Be3 Ng4 15.
Rc1 f5 16. exf5 Qxf5 17. Ne4 Bb7 18. Bd2 Ne5 19. Ng3 Qf7 20. d4 Ng6 21. Nxg6
Qxg6 22. Re1 Bh4 23. Re3 Bf6 24. Re4 Qf7 25. Nf5 Bg5 26. Bxg5 Qxf5 27. Re7
Qxf2+ 28. Kh1 Rf7 29. Rxf7 Qxf7 30. Rc3 Qd5 31. Rg3 Rf8 32. Bh6 Rf7 33. Qe2 Kf8
34. Bd2 c5 35. Bxa5 Qe4 36. Qd1 Qc2 37. Qe1 cxd4 38. Bb4 Rf6 39. a4 bxa4 40.
bxa4 Qxa4 41. Ba3 d3 42. h3 Qd4 43. Qg1 Qf4 44. Rg4 Qxg4 45. Bxd6+ Rxd6 46.
Qf2+ Kg8 47. hxg4 d2 48. Kh2 d1=Q 49. Qe3 Rh6+ 50. Kg3 Qd6+ 51. Kf2 Qf6+ 52.
Kg3 Qh4+ 53. Kf4 Qh2+ 54. Qg3 Rf6+ 55. Ke3 Qxg3+ 56. Ke2 Rf2+ 57. Ke1 Qe3+ 58.
Kd1 Qd2# {QueenMaxima checkmated} 0-1

[Event "ICS rated blitz match"]
[Site "204.178.125.65"]
[Date "2001.07.19"]
[Round "?"]
[White "Mink"]
[Black "Hossa"]
[Result "1-0"]
[WhiteElo "2704"]
[BlackElo "2620"]
[PlyCount "65"]
[EventDate "2001.??.??"]

1. e4 e5 2. Nf3 Nf6 3. Nxe5 d6 4. Nf3 Nxe4 5. d4 Bg4 6. Bd3 Nf6 7. O-O Be7 8.
h3 Bd7 9. Qe2 O-O 10. Nc3 Re8 11. Bf4 Nc6 12. a3 Be6 13. Rfe1 Qd7 14. Ne4 Nd5
15. Bd2 Nb6 16. c3 Bb3 17. Be3 Rab8 18. Ng3 Bf6 19. Nd2 Be6 20. Qh5 g6 21. Nde4
Bg7 22. Qh4 Nd5 23. Ng5 h5 24. Bd2 b5 25. Re2 Na5 26. Rae1 Nb3 27. Bxg6 fxg6
28. Nxe6 Nxd2 29. Qg5 h4 30. Nf1 Nxf1 31. Qxd5 c6 32. Qg5 Qf7 33. Nxg7 {
Hossa resigns} 1-0

[Event "ICS rated blitz match"]
[Site "204.178.125.65"]
[Date "2001.07.19"]
[Round "?"]
[White "Hossa"]
[Black "Mink"]
[Result "0-1"]
[WhiteElo "2608"]
[BlackElo "2716"]
[PlyCount "126"]
[EventDate "2001.??.??"]

1. e4 e5 2. Nf3 Nc6 3. Bb5 a6 4. Ba4 Nf6 5. O-O Be7 6. d4 exd4 7. Re1 O-O 8. e5
Ne8 9. Nxd4 Nxd4 10. Qxd4 d5 11. exd6 Nxd6 12. Bf4 Bf6 13. Be5 Bxe5 14. Rxe5
Nf5 15. Qxd8 Rxd8 16. Nc3 Be6 17. Bb3 Nd4 18. Bxe6 fxe6 19. Rc1 a5 20. Ree1 a4
21. f3 a3 22. b4 Nc6 23. Rxe6 Nxb4 24. Re7 Rab8 25. Rb1 c5 26. Re2 Rd7 27. Ne4
b6 28. h4 Rbd8 29. Kh2 Rd1 30. Rb3 Ra8 31. c3 Nd5 32. Ng5 g6 33. c4 Nb4 34.
Rbe3 h6 35. Ne6 Rc1 36. Re4 Ra1 37. Rg4 Rxa2 38. Rxa2 Nxa2 39. Rxg6+ Kf7 40.
Rxh6 Nc1 41. Nc7 a2 42. Nxa8 a1=Q 43. Nxb6 Qe5+ 44. Kh1 Qe1+ 45. Kh2 Ne2 46.
Nd5 Kg7 47. Rh5 Qg1+ 48. Kh3 Qh1+ 49. Kg4 Qxg2+ 50. Kf5 Qxf3+ 51. Ke6 Qxh5 52.
Kd6 Qxh4 53. Kxc5 Qd4+ 54. Kb4 Nc1 55. Kb5 Nd3 56. Nc7 Qc5+ 57. Ka6 Qc6+ 58.
Ka5 Qxc7+ 59. Ka6 Qc6+ 60. Ka5 Qb7 61. c5 Qb4+ 62. Ka6 Nxc5+ 63. Ka7 Qb7# {
Hossa checkmated} 0-1

[Event "ICS Rated bullet match"]
[Site "204.178.125.65"]
[Date "2001.07.19"]
[Round "?"]
[White "Hossa"]
[Black "Tinolv"]
[Result "1-0"]
[WhiteElo "2607"]
[BlackElo "2122"]
[PlyCount "35"]
[EventDate "2001.??.??"]

1. e4 c6 2. d4 d6 3. Nf3 Nd7 4. Bd3 Qc7 5. O-O e5 6. Be3 Ngf6 7. Nc3 g6 8. Bc4
Bg7 9. dxe5 dxe5 10. Qd2 O-O 11. Ng5 Nb6 12. Bb3 a5 13. Bc5 Be6 14. Nxe6 fxe6
15. Bxe6+ Kh8 16. Bxf8 Rxf8 17. Qe3 Nbd7 18. Rfd1 {Tinolv resigns} 1-0

[Event "ICS Rated blitz match"]
[Site "204.178.125.65"]
[Date "2001.07.19"]
[Round "?"]
[White "Tinker"]
[Black "Hossa"]
[Result "0-1"]
[WhiteElo "2517"]
[BlackElo "2597"]
[PlyCount "108"]
[EventDate "2001.??.??"]

1. e4 e5 2. Nf3 Nf6 3. Nxe5 d6 4. Nf3 Nxe4 5. d4 Bg4 6. Bd3 Nf6 7. O-O Be7 8.
Nbd2 O-O 9. c3 Re8 10. h3 Bd7 11. Ng5 d5 12. Qb3 Bc6 13. Ngf3 Bd6 14. Ne5 Bxe5
15. dxe5 Rxe5 16. Nf3 Re8 17. Nd4 Nbd7 18. Nxc6 bxc6 19. Qd1 Ne4 20. Re1 Qh4
21. Bxe4 Rxe4 22. Rxe4 Qxe4 23. Be3 c5 24. Qb1 Qxb1+ 25. Rxb1 Re8 26. Kh2 f5
27. Kg3 Re4 28. Rd1 c6 29. b3 Kf7 30. a4 h6 31. h4 g5 32. hxg5 hxg5 33. Bd2 f4+
34. Kh3 Ne5 35. f3 Nd3 36. fxe4 Nf2+ 37. Kh2 Nxd1 38. exd5 cxd5 39. Kg1 d4 40.
cxd4 cxd4 41. Kf1 Ne3+ 42. Bxe3 fxe3 43. Ke2 a5 44. Kd3 Ke6 45. Ke2 Kd5 46. b4
axb4 47. a5 d3+ 48. Kxe3 d2 49. Kxd2 Kc6 50. a6 Kb6 51. g3 Kxa6 52. g4 Kb5 53.
Kc1 Kc5 54. Kb1 Kd5 {Tinker resigns} 0-1

[Event "ICS rated blitz match"]
[Site "204.178.125.65"]
[Date "2001.07.19"]
[Round "?"]
[White "Hossa"]
[Black "Tinker"]
[Result "1/2-1/2"]
[WhiteElo "2609"]
[BlackElo "2505"]
[PlyCount "80"]
[EventDate "2001.??.??"]

1. e4 c5 2. Bc4 e6 3. Nf3 d6 4. O-O Nf6 5. Nc3 d5 6. exd5 exd5 7. Bb5+ Bd7 8.
d4 Bxb5 9. Nxb5 Be7 10. dxc5 O-O 11. Bf4 Na6 12. Nfd4 Bxc5 13. c3 Ne4 14. Qh5
Qd7 15. Rae1 Rfe8 16. Re3 Nf6 17. Qh4 Rxe3 18. Bxe3 Re8 19. Bf4 Re4 20. Rd1 Ng4
21. f3 Rxf4 22. fxg4 Bb6 23. Rf1 Rxg4 24. Qh5 Re4 25. a4 Nb8 26. Qf5 a6 27.
Qxd7 Nxd7 28. Nd6 Bxd4+ 29. cxd4 Rxd4 30. Rxf7 Nc5 31. Rc7 Ne6 32. Re7 Nf8 33.
Rxb7 Rxa4 34. Nf5 Ne6 35. Ne7+ Kf8 36. Nxd5 Rd4 37. Rb8+ Kf7 38. Rb7+ Kf8 39.
Rb8+ Kf7 40. Rb7+ Kf8 {Game drawn by repetition} 1/2-1/2

[Event "ICS rated standard match"]
[Site "204.178.125.65"]
[Date "2001.07.19"]
[Round "?"]
[White "Hossa"]
[Black "IronMaiden"]
[Result "0-1"]
[WhiteElo "2321"]
[BlackElo "2198"]
[PlyCount "145"]
[EventDate "2001.??.??"]

1. e4 e6 2. Nf3 d5 3. Nc3 Nf6 4. e5 Nfd7 5. d4 c5 6. dxc5 Bxc5 7. Bd3 Nc6 8.
Bf4 a6 9. O-O h6 10. Na4 Be7 11. Bg3 b5 12. Nc3 Nb6 13. a4 b4 14. Ne2 O-O 15.
Qc1 Nd7 16. Ned4 Nxd4 17. Nxd4 Qb6 18. Nb3 a5 19. Qd1 Ba6 20. Qh5 Rfc8 21. Bxa6
Rxa6 22. Qe2 Rc4 23. Qd3 Nc5 24. Nxc5 Rxc5 25. Bf4 Rc4 26. Be3 Qc6 27. Rfc1 Ra8
28. b3 Rc3 29. Qe2 Rc8 30. Ra2 Bc5 31. Bd2 Bd4 32. g3 Qc7 33. Bxc3 Bxc3 34. f4
Qc5+ 35. Kh1 Rc6 36. Rf1 g6 37. Qb5 Kg7 38. Kg2 Rc8 39. Qxc5 Rxc5 40. Kf3 h5
41. Rf2 f6 42. exf6+ Kxf6 43. Re2 Rc6 44. h4 Kf5 45. Re3 Rc8 46. Kg2 Re8 47.
Kh3 Re7 48. Re2 Rd7 49. Kg2 Rc7 50. Re3 Rb7 51. Kf3 Re7 52. Rd3 Re8 53. Rd1 Re7
54. Kf2 Kg4 55. Rd3 d4 56. Kg2 e5 57. fxe5 Rxe5 58. Rf3 Re2+ 59. Rf2 Rxf2+ 60.
Kxf2 g5 61. hxg5 Kxg5 62. Kg2 Kg4 63. Kf2 Kh3 64. Kf3 Kh2 65. g4 hxg4+ 66. Kxg4
Kg2 67. Kf4 Kf2 68. Ke4 Ke2 69. Kf4 Kd2 70. Ke4 Kc1 71. Kd3 Kb1 72. Kc4 Kxa2
73. Kb5 {Hossa resigns} 0-1

[Event "ICS Rated blitz match"]
[Site "204.178.125.65"]
[Date "2001.07.19"]
[Round "?"]
[White "ChesterX"]
[Black "Hossa"]
[Result "1-0"]
[WhiteElo "2811"]
[BlackElo "2604"]
[PlyCount "100"]
[EventDate "2001.??.??"]

1. Nf3 g6 2. c4 Nf6 3. g3 Bg7 4. Bg2 O-O 5. Nc3 c5 6. d3 Nc6 7. O-O d6 8. Bg5
h6 9. Bd2 Kh8 10. Qc1 Ng8 11. Nd5 Bg4 12. Bc3 Nd4 13. Bxd4 cxd4 14. Qf4 Bd7 15.
a3 g5 16. Qc1 a5 17. c5 dxc5 18. Qxc5 Rc8 19. Qa7 Be6 20. Nb6 Rc2 21. Rfb1 Rxe2
22. Qxa5 Nf6 23. b4 Ng4 24. Rf1 Bb3 25. Rac1 Qd6 26. Qa7 Re6 27. Nc8 Qd7 28.
Nd2 Rxc8 29. Nxb3 Rd6 30. Nc5 Qe8 31. Bxb7 Rb8 32. b5 Ne5 33. a4 Rbd8 34. Rb1
h5 35. a5 Rh6 36. a6 h4 37. Bg2 Kg8 38. b6 Ng4 39. Qb7 hxg3 40. hxg3 Be5 41. a7
Kg7 42. Qe4 f5 43. Qf3 Qh5 44. Rfe1 Qh2+ 45. Kf1 Nxf2 46. Rxe5 Ne4 47. dxe4
fxe4 48. Rxe7+ Kh8 49. Qf7 Rh7 50. Qf6+ Kg8 {Hossa resigns} 1-0

[Event "ICS Rated blitz match"]
[Site "204.178.125.65"]
[Date "2001.07.19"]
[Round "?"]
[White "Hossa"]
[Black "monsoon"]
[Result "0-1"]
[WhiteElo "2597"]
[BlackElo "2528"]
[PlyCount "157"]
[EventDate "2001.??.??"]

1. e4 e5 2. Nf3 Nc6 3. d4 exd4 4. Nxd4 Nf6 5. Nxc6 bxc6 6. e5 Qe7 7. Qe2 Nd5 8.
c4 Ba6 9. b3 O-O-O 10. Qb2 Nb6 11. c5 Bxf1 12. cxb6 Bxg2 13. bxa7 Qb4+ 14. Nc3
Qa5 15. Rg1 Bh3 16. Rg3 Bf5 17. Be3 c5 18. Bg5 Re8 19. Kf1 Qxa7 20. Kg1 h6 21.
Bd2 Qb7 22. Na4 Re6 23. Rc1 Qc6 24. Bc3 Rg8 25. Qe2 d6 26. Qh5 g6 27. Qe2 f6
28. f4 fxe5 29. fxe5 Bg7 30. Qc4 Ree8 31. exd6 cxd6 32. Bxg7 Rxg7 33. Rf1 Be4
34. Re3 Rge7 35. Rg3 Re5 36. Qc1 g5 37. Qc3 Qc7 38. Qc4 Bc6 39. Rh3 Re2 40. Rg3
Bxa4 41. Qxa4 Qb7 42. Qa5 Qc6 43. Rgf3 h5 44. Rg3 g4 45. Qa7 Re1 46. Qf7 Qe4
47. Rxe1 Qxe1+ 48. Qf1 d5 49. Rd3 d4 50. Qxe1 Rxe1+ 51. Kf2 Rb1 52. Rd2 Kb7 53.
Kg3 Rf1 54. Kh4 Rf5 55. Rd1 Kc6 56. a4 Rf3 57. Kxh5 Rxb3 58. Kxg4 Ra3 59. h4
Rxa4 60. h5 d3+ 61. Kg5 c4 62. h6 Ra8 63. Kg6 Rh8 64. Rd2 Rxh6+ 65. Kxh6 Kd5
66. Kg6 Ke4 67. Rh2 c3 68. Rh4+ Kd5 69. Rh5+ Kc4 70. Rh7 Kb3 71. Rb7+ Kc2 72.
Kf6 d2 73. Ke5 d1=Q 74. Rb8 Qd7 75. Ra8 Qc7+ 76. Kf5 Kb1 77. Rh8 Qf7+ 78. Ke4
Qb7+ 79. Kf5 {Hossa resigns} 0-1

[Event "ICS rated blitz match"]
[Site "204.178.125.65"]
[Date "2001.07.19"]
[Round "?"]
[White "jo"]
[Black "Hossa"]
[Result "0-1"]
[WhiteElo "2463"]
[BlackElo "2578"]
[PlyCount "63"]
[EventDate "2001.??.??"]

1. e4 c5 2. Nf3 Nc6 3. Bb5 Nf6 4. d3 Qa5+ 5. Nc3 Nd4 6. Bc4 b5 7. Bb3 Nxb3 8.
cxb3 Bb7 9. O-O d5 10. e5 Nd7 11. Qe2 e6 12. Ng5 d4 13. Nb1 Qc7 14. f4 Be7 15.
Ne4 O-O 16. Nbd2 Nb6 17. Nf3 Nd5 18. Bd2 Qd7 19. h4 f5 20. Neg5 Bc6 21. g3 a5
22. Kf2 h6 23. Rh1 hxg5 24. Nxg5 g6 25. h5 Bxg5 26. hxg6 Ne3 27. Qh5 Ng4+ 28.
Ke2 Bxh1 29. Rxh1 Bh6 30. Rh4 Kg7 31. Be1 Rh8 32. Bd2 {jo resigns} 0-1

[Event "ICS rated standard match"]
[Site "204.178.125.65"]
[Date "2001.07.19"]
[Round "?"]
[White "IronMaiden"]
[Black "Hossa"]
[Result "1/2-1/2"]
[WhiteElo "2219"]
[BlackElo "2300"]
[PlyCount "80"]
[EventDate "2001.??.??"]

1. d4 f5 2. Bg5 Nc6 3. e3 g6 4. h4 Bg7 5. Nf3 Nf6 6. c4 Nh5 7. Nc3 h6 8. Bf4
Nxf4 9. exf4 e6 10. Qd2 a6 11. g3 b6 12. Bg2 Bb7 13. O-O Ne7 14. Rfe1 O-O 15.
Rad1 Rb8 16. b4 Bf6 17. a3 Bc6 18. Ne5 Bxg2 19. Kxg2 Kh7 20. d5 d6 21. Nf3 exd5
22. Nxd5 Nxd5 23. cxd5 Qd7 24. Qd3 Kg8 25. Re6 a5 26. b5 Rbe8 27. Rde1 Rxe6 28.
Rxe6 Qh7 29. Nd4 Bxd4 30. Qxd4 Qg7 31. Qxg7+ Kxg7 32. h5 gxh5 33. Kh3 Rf6 34.
Rxf6 Kxf6 35. Kh4 Kg6 36. f3 a4 37. Kh3 Kh7 38. Kh4 Kg6 39. Kh3 Kh7 40. Kh4 Kg6
{Game drawn by repetition} 1/2-1/2